00638 a2200193 4500003000400000005001700004008004100021020001800062040000900080082001900089100002200108245006300130250001200193260003000205300001400235942004400249952013400293999001700427OSt20260309130623.0260309b |||||||| |||| 00| 0 eng d a9789385312267 coclc a892.709bJAL/P aJaleel, T K98575 aPetals from arabic literature /cJaleel T K , Dr.Hilal K M a1st Ed. aCALICUT:bARABNET.c2017, a112 PAGES 2ddccBKh892.709iJAL/Pk892.709mJAL/P 00102ddc40708TEXT BOOKaMESbMEScARBd2026-03-09g65.00l0o892.709 JAL/Pp46164r2026-03-09 10:59:27v65.00w2026-03-09yBK c44691d44691